00642nam a2200205Ia 450000500170000000800410001702000180005804100120007608200160008810000260010424500880013025000120021826000370023030000180026744000520028565000230033765000350036070000180039570000230041320260429112135.0260429s9999||||xx |||||||||||||| ||und|| a9781498726061 aEnglish a519.54bHAL aHall, William Jackson 0aCourse in the large sample theory of statistical inference / cWilliam Jackson Hall a1st ed. aBoca Raton : bCRC Press,c2024. ax, 309 p.; hb aChapman & Hall/CRC texts in statistical science a Asymptotic theory aStatistical hypothesis testing a Oakes, David aBlitzein, Joseph K